| 000 | 00567nam a2200181 i 4500 | ||
|---|---|---|---|
| 001 | 150182 | ||
| 003 | ES-MaACL | ||
| 005 | 20250624062533.0 | ||
| 007 | t| | ||
| 008 | 071029s1908 sp |||| | spa d | ||
| 080 | _a821.134.2-32"19" | ||
| 100 | 1 |
_aValle-Inclán, Ramón del, _d1866-1936 _9112796 |
|
| 245 | 1 | 3 |
_aEl yermo de las almas _b: episodios de la vida íntima / _clos escribió Ramón del Valle-Inclán. |
| 260 |
_aMadrid : _bPueyo, _c1908 ( _fBalgañón y Moreno) |
||
| 300 |
_a202 p. ; _c18 cm. |
||
| 852 |
_aES-MaACL _jB-4213 |
||
| 999 |
_c150182 _d150182 |
||